| 000 | 00631nam a2200193 a 4500 | ||
|---|---|---|---|
| 005 | 20210223125733.0 | ||
| 008 | 051025s2004 mx r 000 0 spa d | ||
| 020 | _a9687731478 | ||
| 035 | _aUPN01000140802 | ||
| 049 | _aCG | ||
| 050 | 4 |
_aLB2837 _bE8.2 |
|
| 100 | 1 | _aEstrada Erives, Silvia | |
| 245 | 1 | 0 |
_aCon hilos de colores : _bcinco mujeres maestras en el municipio de Guerrero / _cSilvia Estrada Erives. |
| 260 |
_aChihuahua : _bDoble Hélice, _c2004. |
||
| 300 |
_a150 p. : _bil. |
||
| 440 | 0 |
_aChihuahua y sus regiones. _pHistoriografĂa |
|
| 650 | 4 |
_aMAESTRAS - _zGUERRERO, CHIHUAHUA - _vBIOGRAFIA _917408 |
|
| 905 | _aLibro | ||
| 999 |
_c112950 _d112950 |
||